| 000 | 00770nam a2200277Ia 4500 | ||
|---|---|---|---|
| 001 | F9614 | ||
| 003 | IT-RoPAU | ||
| 008 | 130308s9999 xx 000 0 und d | ||
| 040 | _aIT-RoPAU | ||
| 040 | _cIT-RoPAU | ||
| 041 | _aITALIANO | ||
| 100 | _aScaramucci Barbara | ||
| 100 | _gCodice Aut. SPICS: 49005 | ||
| 245 | _aEra già tutto un programma | ||
| 245 | _bE Poi venne la Radio: Radio Orario 1925-1929 | ||
| 250 | _a1a ed. | ||
| 260 | _aROMA | ||
| 260 | _bRai - Radio Televisione Italiana | ||
| 260 | _c1999 [1° Ed.:1999 - Ed.Ling.Originale:1999] | ||
| 300 | _a"12 p. (prefazione: no ; testo: 12 [pagine: 98-109])" | ||
| 650 | _aSTORIA NAZIONALE DELLA RADIO | ||
| 650 | _eCodice materia Spics: 6909 | ||
| 942 | _cBK | ||
| 957 | _71 | ||
| 999 |
_c84399 _d84399 |
||
| 999 | _g1 | ||